000 00456cam a22001337a 4500
008 180718b1991 xxu||||| |||| 00| 0 eng d
082 _aU6 P939
100 _aDhiratayakinant, Kraiyudht
245 _aFramework for the choice of privatisation modalities
260 _aNew Delhi
_bOxford & IBH
_c1991
300 _ap.251-266
500 _a[In] Privatisation and public enterprise: the Asia-Pacific experience, edited by Geeta Gouri
650 _aPrivatisation
999 _c376735
_d376735